000 00714nam a2200253Ia 4500
003 OSt
005 20220918215915.0
006 a|||||r|||| 00| 0
007 ta
008 220917b |||||||| |||| 00| 0 eng d
024 _a143,309
037 _cTextual
040 _aARTS
_cARTS
_beng
041 _2eng
_aeng
082 _aY15:881.2.D, M2(P15)
100 _aMurthy K Krishna
_976997
245 0 _aHair styles in ancient Indian art
260 _aDelhi
_bSundeep Prakashan
_c1982
300 _a108p. illus
_ccm.
500 _aBibliography p87-100; Glossary p81-86
650 _aSOCIOLOGY
942 _hY15:881.2.D, M2(P15)
_cTEXL
_2CC
999 _c266262
_d266262